|
|
|
|
| LEADER |
01088nam a2200265 a 4500 |
| 001 |
1670068 |
| 005 |
19981112142625.4 |
| 008 |
090517s1998 dcua b 000 0 eng d |
| 010 |
|
|
|a \\\98018444
|
| 020 |
|
|
|a 0821342274
|
| 040 |
|
|
|a DLC
|c DLC
|d DLC
|
| 082 |
0 |
0 |
|a 613/.04244/095491
|2 21
|
| 100 |
1 |
|
|a Tinker, Anne G.
|
| 245 |
1 |
0 |
|a Improving women's health in Pakistan /
|c Anne G. Tinker.
|
| 260 |
|
|
|a Washington, D.C. :
|b World Bank,
|c c1998.
|
| 300 |
|
|
|a vi, 34 p. :
|b ill. ;
|c 28 m.
|
| 490 |
1 |
|
|a Human Development Network. Health, nutrition, and population series
|
| 504 |
|
|
|a Includes bibliographical references (p. 31-34).
|
| 541 |
1 |
|
|e 00007151
|
| 650 |
|
0 |
|a Women
|x Health and hygiene
|z Pakistan.
|
| 650 |
|
0 |
|a Women
|z Pakistan
|x Social conditions.
|
| 830 |
|
0 |
|a Health, nutrition, and population series.
|
| 852 |
4 |
|
|a Ayesha Abed Library
|j Generalshelf
|
| 999 |
|
|
|c 764
|d 764
|
| 952 |
|
|
|0 0
|1 0
|2 ddc
|4 0
|6 613_042440954910000_TIN_1998
|7 0
|8 NFIC
|9 704
|a BRACUL
|b BRACUL
|c GEN
|d 2009-05-17
|g 0.00
|l 0
|o 613.04244095491 TIN
|p 3010007151
|r 2009-05-17
|t 1
|w 2009-05-17
|y BK
|x No price found in the accession register.
|